Largest islands in Estonia - Statistics

General Stats
  • This quiz has been taken 33 times
  • The average score is 10 of 15
Answer Stats
Size Island % Correct
2,673 Saaremaa
96%
989 Hiiumaa
93%
198 Muhu
93%
93 Vormsi
89%
16.4 Kihnu
85%
11.4 Ruhnu
85%
18.6 Naissaar
81%
7.8 Piirissaar
59%
6.4 Prangli
59%
4.6 Osmussaar
56%
11.6 Suur-Pakri
56%
12.9 Väike-Pakri
56%
8.8 Vilsandi
56%
8.8 Abruka
52%
19.3 Kassari
33%
No matching quizzes found
Score Distribution
Percent of People with Each Score
Percentile by Number Answered
Your Score History
You have not taken this quiz